INTRODUCTORY SOCIOLOGY (Record no. 368203)

MARC details
000 -LEADER
fixed length control field 00486nam a2200169Ia 4500
008 - FIXED-LENGTH DATA ELEMENTS--GENERAL INFORMATION
fixed length control field 100122s9999 xx 000 0 und d
082 ## - DEWEY DECIMAL CLASSIFICATION NUMBER
Item number 26570
Classification number 301
100 ## - MAIN ENTRY--PERSONAL NAME
Personal name KARNAD SUNANDA
245 ## - TITLE STATEMENT
Title INTRODUCTORY SOCIOLOGY
260 ## - PUBLICATION, DISTRIBUTION, ETC. (IMPRINT)
Name of publisher, distributor, etc SHETH
Date of publication, distribution, etc 1977
300 ## - PHYSICAL DESCRIPTION
Extent 212
520 ## - SUMMARY, ETC.
Summary, etc SOCIOLOGYमाळयाचर गठ्ठा- 4
620 ## -
-- SOCIOLOGYमाळयाचर गठ्ठा- 4
630 ## - SUBJECT ADDED ENTRY--UNIFORM TITLE
Uniform title INTRODUCTORY SOCIOLOGY
730 ## - ADDED ENTRY--UNIFORM TITLE
Uniform title INTRODUCTORY SOCIOLOGY
942 ## - ADDED ENTRY ELEMENTS (KOHA)
Koha item type Book
Holdings
Withdrawn status Lost status Damaged status Not for loan Home library Current library Date acquired Cost, normal purchase price Total Checkouts Full call number Barcode Date last seen Cost, replacement price Price effective from Koha item type Public note
        S.V. Pathak Library, Vile Parle S.V. Pathak Library, Vile Parle 07/07/1978 10.00   26570 SVPPARLE-26570 01/25/2010 10.00 01/25/2010 Book ", , General, NA"